| 000 | 00540nam a22001697a 4500 | ||
|---|---|---|---|
| 008 | 160307b xxu||||| |||| 00| 0 eng d | ||
| 020 | _a971-08-7085-8 | ||
| 082 |
_22010 _aDFil 100 _bZ84 |
||
| 100 |
_93512 _aZulueta, Francisco M. |
||
| 245 |
_aIntroduction to philosophy/ _cFrancisco M. Zulueta |
||
| 260 |
_aMandaluyong City: _bNational Book Store, _cc2010. |
||
| 300 |
_axii, 244 pages; _c23 cm. |
||
| 500 | _aIncludes bibliographical references and glossary. | ||
| 650 | 0 |
_93513 _aPhilosophy |
|
| 365 |
_b650.00 _cPhp |
||
| 942 |
_2ddc _cDFIL |
||
| 999 |
_c1224 _d1224 |
||